000 00250nam a2200109Ia 4500
008 240625s9999 xx 000 0 und d
041 _aeng
082 _a741.5954 LAX
100 _aPATEL R B
245 _aEXPERT DATA STRUCTURES WITH C
260 _c2004
999 _c33225
_d33225